000 00273nam a2200109Ia 4500
008 190216s9999||||xx |||||||||||||| ||und||
100 _aSreesaran
245 0 _aHindi-Mitti Kutti Ka Kam Aur Uske Sidanth
260 _bJanayan Prakashan
_c2003
650 _aHindi
942 _cBK
999 _c15386
_d15386